Skoki Narciarskie- skoczkowie za największą liczbą punktów PŚ - Statystyki

Ogólne statystyki
  • Ten quiz został rozwiązany 829 razy
  • Średni wynik to 15 z 25
Statystyki odpowiedzi
Hint Odpowiedź % Poprawnych
12 694 Kamil Stoch
99%
13 070 Adam Małysz
97%
10 377 Stefan Kraft
93%
15 753 Janne Ahonen
90%
9 602 Peter Prevc
85%
6 045 Ryoyu Kobayashi
81%
11 916 Gregor Schlierenzauer
78%
11 978 Noriaki Kasai
78%
12 778 Simon Ammann
78%
5 846 Piotr Żyła
75%
10 875 Thomas Morgenstern
70%
7 888 Severin Freund
66%
8 354 Martin Schmitt
61%
6 932 Anders Bardal
55%
5 792 Karl Geiger
52%
6 191 Sven Hannawald
51%
7 713 Andreas Kofler
50%
8 233 Andreas Goldberger
41%
6 330 Kazuyoshi Funaki
40%
7 211 Wolfgang Loitzl
38%
5 729 Robert Kranjec
29%
7 776 Matti Hautamaeki
24%
8 618 Andreas Widhoelzl
16%
6 191 Martin Hoellwarth
8%
7 512 Roar Ljoekelsoey
5%
Nie znaleziono quizów pasujących do podanych kryteriów
Rozkład punktacji
Procent ludzi z każdym wynikiem
Percentyl według liczby udzielonych odpowiedzi
Twoja historia wyników
Nie rozwiązałeś tego quizu